000 00668nam a22001817a 4500
999 _c16183
_d16183
008 210614b ||||| |||| 00| 0 eng d
020 _a9786210400052
082 _22020
_aDFil 375.001
_bP289
100 _aPawilen, Greg T.,
_dauthor.
_943338
245 _aThe teacher and the school curriculum:
_ba guide to curriculum development practice/
_cGreg T. Pawilen
250 _aFirst Edition
260 _aManila, Philippines:
_bRex Bookstore,
_c©2020.
300 _aiii, 155 pages;
_c25 cm.
500 _aIncludes bibliographical references and index.
650 _aCurriculum planning.
_943339
650 _aInstructional systems -- Design.
_943340
942 _2ddc
_cDFIL